00567nam a2200193Ia 4500008004100000020001800041082000800059100002400067245005200091250000600143260002500149300001700174500002400191650001400215700003000229942000700259952009000266999001700356230524s9999 xx 000 0 und d a9788123923154 bMAH aK.Mahadevan 942884 0aDesign Data Handbook : for Mechanical Engineers a4 aNew DelhibCBSc2015 a"XIII,493p;" aQuantity Number: 1 aMechanics a K.Balaveera Reddy942885 cBK 00104070aTATCLbTATCLcGENd2023-05-24l0o MAHp54148r2023-05-24w2023-05-24yBK c57856d57856